| Registos Bibliográficos associados ao registo de autoridade |
|
Etiqueta de registo: 00254nam 2200025 450 001 2252014 003 http://id.bnportugal.gov.pt/bib/catbnp/2252014 010 ## $a978-989-710-720-7 021 ## $aPT$b553759/25 100 ## $a20260121d2025 m y0pory01030103ba 101 1# $apor$ceng 102 ## $aPT 105 ## $ay z 000ay 106 ## $ar 200 1# $aLegado dos deuses.$hLivro 2,$iDeus da dor$fRina Kent$gtrad. Susana Clara 205 ## $a1ª ed 210 #9 $aSão Pedro do Estoril$cChá das Cinco,$d2025 215 ## $a397, [3] p.$d23 cm 304 ## $aTít. orig.: God of pain 675 ## $a821.111-31"20"$vBN$zpor$31044590 700 #1 $aKent,$bRina$31980369 702 #1 $aClara,$bSusana$4730$31453686 801 #0 $aPT$bBN$gRPC 856 41 $uhttp://rnod.bnportugal.gov.pt/ImagesBN/winlibimg.aspx?skey=&doc=2252014&img=218482&save=true 900 ## $aBIBNAC$d20260205 966 ## $lBN$mFGMON$sL. 180269 V.$x1 966 ## $lBN$mFGMON$sL. 180269 V.-D$x1 971 ## $cssilva$d20260121 972 ## $e0$z0$d20260205$vlrevez 973 ## $ctrodrigues$d20260129
Etiqueta de registo: 00254nam 2200025 450 001 2263817 003 http://id.bnportugal.gov.pt/bib/catbnp/2263817 010 ## $a978-989-710-697-2 021 ## $aPT$b550920/25 100 ## $a20260210d2025 m y0pory01030103ba 101 1# $apor$ceng 102 ## $aPT 105 ## $ay z 000ay 106 ## $ar 200 1# $aLegado dos deuses.$hLivro 1,$iDeus da malícia$fRina Kent$gtrad. Susana Clara 205 ## $a1ª ed 210 #9 $aSão Pedro do Estoril$cChá das Cinco,$d2025 215 ## $a413, [2] p.$d23 cm 304 ## $aTít. orig.: God of malice 675 ## $a821.111-31"20"$vBN$zpor$31044590 700 #1 $aKent,$bRina$31980369 702 #1 $aClara,$bSusana$4730$31453686 801 #0 $aPT$bBN$gRPC 856 41 $uhttp://rnod.bnportugal.gov.pt/ImagesBN/winlibimg.aspx?skey=&doc=2263817&img=220345&save=true 900 ## $aBIBNAC$d20260327 966 ## $lBN$mFGMON$sL. 180999 V.$x1 966 ## $lBN$mFGMON$sL. 180999 V.-D$x1 971 ## $cisantos$d20260210 972 ## $e0$z0$d20260327$vasantos 973 ## $cigoulao$d20260211
Etiqueta de registo: 00254nam 2200025 450 001 2287286 003 http://id.bnportugal.gov.pt/bib/catbnp/2287286 010 ## $a978-989-710-770-2 021 ## $aPT$b563960/26 100 ## $a20260601d2026 m y0pory01030103ba 101 1# $apor$ceng 102 ## $aPT 105 ## $ay z 000ay 106 ## $ar 200 1# $aLegado dos deuses.$hLivro 5,$iDeus da fúria$fRina Kent$gtrad. Célia Correia Loureiro 205 ## $a1ª ed 210 #9 $aSão Pedro do Estoril$cChá das Cinco,$d2026 215 ## $a462, [1] p.$d23 cm 304 ## $aTít. orig.: God of fury 700 #1 $aKent,$bRina$31980369 702 #1 $aLoureiro,$bCélia Correia,$f1989-$4730$31486830 801 #0 $aPT$bBN$gRPC 966 ## $lBN$mFGMON$x1 966 ## $lBN$mFGMON$x1 971 ## $corlando$d20260601
Etiqueta de registo: 00254nam 2200025 450 001 2287427 003 http://id.bnportugal.gov.pt/bib/catbnp/2287427 010 ## $a978-989-710-764-1 021 ## $aPT$b557235/25 100 ## $a20260602d2026 m y0pory01030103ba 101 1# $apor$ceng 102 ## $aPT 105 ## $ay z 000ay 106 ## $ar 200 1# $aLegado dos deuses.$hLivro 3,$iDeus da ira$fRina Kent$gtrad. Célia Correia Loureiro 205 ## $a1ª ed 210 #9 $aSão Pedro do Estoril$cChá das Cinco,$d2026 215 ## $a430, [1] p.$d23 cm 304 ## $aTít. orig.: God of wrath 700 #1 $aKent,$bRina$31980369 702 #1 $aLoureiro,$bCélia Correia,$f1989-$4730$31486830 801 #0 $aPT$bBN$gRPC 966 ## $lBN$mFGMON$x1 966 ## $lBN$mFGMON$x1 971 ## $corlando$d20260602
|
|
|